Refrigeración, congelación y envasado de los alimentos

Wedi'i Gadw mewn:
Manylion Llyfryddiaeth
Prif Awduron: Madrid Vicente, Antonio (autor), Gómez-Pastrana Rubio, José M (Awdur), Santiago Regidor, Vicente (Awdur), Madrid Vicente, Juana Mary (Awdur)
Fformat: Llyfr
Iaith:Sbaeneg
Cyhoeddwyd: Madrid Mundi-Prensa Libros 1994
Pynciau:
Tagiau: Ychwanegu Tag
Dim Tagiau, Byddwch y cyntaf i dagio'r cofnod hwn!

MARC

LEADER 00000nam a2200000 a 4500
001 UCZ2079
003 CL-VaPUC
008 950925e19940000SP |||||||||||||||||spa|d
082 0 4 |a 664.028  |b MAD  |2 21 
100 |a Madrid Vicente, Antonio  |e autor  |9 551252 
700 0 |a Gómez-Pastrana Rubio, José M  |e author  |9 345891 
700 0 |a Santiago Regidor, Vicente  |e author  |9 345892 
700 0 |a Madrid Vicente, Juana Mary  |e author  |9 345893 
245 1 0 |a Refrigeración, congelación y envasado de los alimentos 
300 |a 277 p 
942 |c BK 
945 |d 19950925 00:00:00  |a awong 
260 |a Madrid  |b Mundi-Prensa Libros  |c 1994 
650 7 |a CONGELACION  |2 CL-VaPUC  |9 344459 
650 0 |a Alimentos  |9 256203 
650 7 |a BEBIDAS  |2 CL-VaPUC  |9 259560 
650 7 |a TRANSPORTE  |2 CL-VaPUC  |9 256365 
650 7 |a ENVASADO DE ALIMENTOS  |2 CL-VaPUC  |9 345894 
650 7 |a TECNOLOGIA DE ALIMENTOS  |2 CL-VaPUC  |9 345895 
650 0 |a Almacenamiento de alimentos   |9 259517 
583 |a last modification  |c 20120904 09:49:33  |k Rodrigo Vera 
999 |c 238731  |d 238729 
952 |0 0  |1 0  |4 0  |6 664_028000000000000_MAD_1994  |7 0  |8 A  |9 249160  |a BIBALI  |b BIBALI  |c GEN  |d 2019-11-18  |i 3136612  |o 664.028 MAD 1994  |p 3136612  |r 2025-01-20  |w 2019-11-18  |y BK  |k ALI 
952 |0 0  |1 0  |4 0  |6 664_028000000000000_MAD_1994  |7 0  |8 A  |9 249161  |a BIBAGR  |b BIBAGR  |d 2019-11-18  |i 3405184  |o 664.028 MAD 1994  |p 3405184  |r 2025-01-20  |w 2019-11-18  |y BK  |k AGR 
952 |0 0  |1 0  |4 0  |6 664_028000000000000_MAD_1994  |7 0  |8 A  |9 249162  |a BIBAGR  |b BIBAGR  |d 2019-11-18  |i 3405192  |o 664.028 MAD 1994  |p 3405192  |r 2025-01-20  |w 2019-11-18  |y BK  |k AGR